| 000 | 00652nam a2200205 i 4500 | ||
|---|---|---|---|
| 001 | 83482 | ||
| 003 | ES-MaACL | ||
| 005 | 20230906174833.0 | ||
| 007 | t| | ||
| 008 | 041117s1969 sp ||||1| spa d | ||
| 245 | 0 | 0 |
_aIntroducción a la Biología molecular / _cG.H. Haggis... [et al.] ; versión de Julio Pérez Silva. |
| 260 |
_aMadrid : _bAlhambra, _c[1969] |
||
| 300 |
_aXV, 443 p. : _bil. ; _c21 cm. |
||
| 490 | 1 | _aTemas selectos de Biología | |
| 700 | 1 |
_aHaggis, G. H. _961460 |
|
| 700 | 1 |
_aPérez Silva, Julio. _991163 |
|
| 830 | 0 |
_aTemas selectos de Biología _9183804 |
|
| 852 |
_aES-MaACL _jL-2024 _bR.102792 |
||
| 999 |
_c83482 _d83482 |
||